[Event "Challenge"]
[Site "http://www.queenalice.com/game.php?id=1273112"]
[Date "2014.4.14"]
[Round "-"]
[White "yclaudiu35"]
[Black "PRODIGY1971"]
[Result "0-1"]
[WhiteElo "2013"]
[BlackElo "2024"]

1. e4 e5 2. Nf3 Nc6 3. a3 Nf6 4. Nc3 d5 5. exd5 Nxd5 6. Bc4 Be6 7. Nxd5 Bxd5 8.
Bb5 Qf6 9. d4 Bxf3 10. gxf3 O-O-O 11. Bxc6 Qxc6 12. c3 exd4 13. cxd4 Bc5 14. Qb3
Rhe8+ 15. Kf1 Rxd4 16. Kg2 Qg6+ 17. Kf1 Qf5 18. f4 Rd3 19. Qc2 Qh3+ 0-1

[Event "Challenge"]
[Site "http://www.queenalice.com/game.php?id=1273113"]
[Date "2014.4.14"]
[Round "-"]
[White "altair"]
[Black "PRODIGY1971"]
[Result "0-1"]
[WhiteElo "1739"]
[BlackElo "1945"]

1. e4 e5 2. Nf3 Nc6 3. a3 Bc5 4. g3 Nf6 5. c3 d5 6. exd5 Qxd5 7. Bg2 Bg4 8. O-O
e4 9. Re1 O-O-O 10. c4 Qh5 11. Qc2 exf3 12. Bf1 Bxf2+ 13. Kxf2 Qxh2+ 14. Ke3
Rhe8+ 15. Kf4 Qh6# 0-1

[Event "Challenge"]
[Site "http://www.queenalice.com/game.php?id=1273114"]
[Date "2014.4.14"]
[Round "-"]
[White "betofortaleza"]
[Black "PRODIGY1971"]
[Result "0-1"]
[WhiteElo "1805"]
[BlackElo "1977"]

1. e4 e5 2. Bc4 Nf6 3. Nc3 Bb4 4. Qf3 d6 5. h3 O-O 6. d3 b5 7. Bb3 Nc6 8. Ne2
Nd4 9. Qe3 a5 10. Qg3 a4 11. Bh6 Nh5 12. Qg5 Qxg5 13. Bxg5 axb3 14. Nxd4 exd4
15. Bd2 dxc3 16. bxc3 b2 17. Rb1 Ba3 18. O-O Be6 19. c4 bxc4 20. Bc3 cxd3 21.
Bxb2 dxc2 22. Rbc1 Bxb2 23. Rxc2 Bd4 24. Rxc7 Rxa2 0-1

[Event "Challenge"]
[Site "http://www.queenalice.com/game.php?id=1273286"]
[Date "2014.4.14"]
[Round "-"]
[White "PRODIGY1971"]
[Black "Atalxxi1"]
[Result "1-0"]
[WhiteElo "2105"]
[BlackElo "1536"]

1. Nf3 d5 2. e3 Nc6 3. d4 Nf6 4. c4 e6 5. Bd3 dxc4 6. Bxc4 g6 7. O-O Bg7 8. Nc3
O-O 9. e4 b6 10. h3 Bb7 11. Be3 Nb4 12. a3 Nc6 13. b4 a6 14. Rc1 a5 15. b5 Ne7
16. Bd3 h6 17. Re1 c6 18. bxc6 Nxc6 19. Qb3 Nd7 20. Nb5 Nf6 21. Red1 g5 22. e5
Nd5 23. Nd6 Nxe3 24. Nxb7 a4 25. Bh7+ Kxh7 26. Qb1+ Kg8 27. Nxd8 Nxd1 28. Nxc6
Nxf2 29. Kxf2 Rfe8 30. Qxb6 Bf8 31. Rc3 Rac8 32. Qb7 Kg7 33. Nd2 Rxc6 34. Qxc6
1-0

[Event "AUTO-OPEN-3233"]
[Site "http://www.queenalice.com/game.php?id=1273452"]
[Date "2014.4.15"]
[Round "1"]
[White "PRODIGY1971"]
[Black "Gosiulkaa"]
[Result "1-0"]
[WhiteElo "1710"]
[BlackElo "1966"]

1. Nf3 d5 2. d4 Nc6 3. c4 dxc4 4. d5 Nb4 5. Qa4+ Qd7 6. Qxb4 Qxd5 7. Nc3 Qc6 8.
Ne5 Qf6 9. Qa5 c6 10. Nd5 cxd5 11. Qb5+ Kd8 12. Qxd5+ Kc7 13. Qxc4+ Kd8 14. Bf4
e6 15. Rd1+ Ke7 16. Qc7+ Ke8 17. Rd8+ 1-0

[Event "AUTO-OPEN-3233"]
[Site "http://www.queenalice.com/game.php?id=1273453"]
[Date "2014.4.15"]
[Round "1"]
[White "Gosiulkaa"]
[Black "PRODIGY1971"]
[Result "0-1"]
[WhiteElo "1926"]
[BlackElo "1500"]

1. e4 e5 2. Nf3 Nc6 3. Bc4 Nf6 4. Ng5 d5 5. exd5 Na5 6. Bb5+ c6 7. dxc6 bxc6 8.
Qe2 cxb5 9. Qxb5+ Bd7 10. Qxe5+ Be7 11. d3 Nc6 12. Qc3 Bb4 13. Bd2 Bxc3 0-1

[Event "AUTO-OPEN-3233"]
[Site "http://www.queenalice.com/game.php?id=1273454"]
[Date "2014.4.15"]
[Round "1"]
[White "PRODIGY1971"]
[Black "Givanildo"]
[Result "1-0"]
[WhiteElo "2073"]
[BlackElo "1596"]

1. d4 c6 2. e4 d5 3. Nc3 Be6 4. Nf3 dxe4 5. Nxe4 Bd5 6. Bd3 h6 7. c4 Be6 8. Nc5
Bc8 9. O-O Bg4 10. Nxb7 Qc7 11. Nc5 e6 12. Ne4 f5 13. Nc3 Bd6 14. h3 Bxf3 15.
Qxf3 Nf6 16. Re1 O-O 17. Rxe6 Nbd7 18. c5 Bh2+ 19. Kh1 Rae8 20. Bxf5 Nd5 21.
Nxd5 cxd5 22. Rxe8 Rxe8 23. g3 Bxg3 24. Qxd5+ Kh8 25. Qxd7 Re1+ 26. Kg2 Qxd7 27.
Bxd7 Bh4 28. c6 Bd8 29. Bg5 Rxa1 30. Bxd8 Rxa2 31. c7 Rxb2 32. c8=Q Rxf2+ 33.
Kxf2 a5 34. Bf6+ Kh7 35. Bf5+ g6 36. Qh8# 1-0

[Event "AUTO-OPEN-3233"]
[Site "http://www.queenalice.com/game.php?id=1273456"]
[Date "2014.4.15"]
[Round "1"]
[White "PRODIGY1971"]
[Black "maurice91"]
[Result "1-0"]
[WhiteElo "2010"]
[BlackElo "1724"]

1. d4 d5 2. Nf3 Nf6 3. c4 e6 4. Nc3 Bb4 5. e3 Ne4 6. Qc2 c5 7. Bd3 f5 8. O-O
cxd4 9. Nxd4 e5 10. Qa4+ Nc6 11. Nxc6 bxc6 12. Bxe4 Bxc3 13. Bxd5 Bd7 14. Bxc6
Bxc6 15. Qxc6+ Kf7 16. bxc3 Qe7 17. Rb1 Rad8 18. Rb7 1-0

[Event "AUTO-OPEN-3233"]
[Site "http://www.queenalice.com/game.php?id=1273457"]
[Date "2014.4.15"]
[Round "1"]
[White "maurice91"]
[Black "PRODIGY1971"]
[Result "0-1"]
[WhiteElo "1725"]
[BlackElo "2067"]

1. d4 d5 2. Nf3 Nf6 3. Bf4 e6 4. h3 Bd6 5. Be5 O-O 6. Nbd2 Bxe5 7. dxe5 Nfd7 8.
e4 Nc6 9. exd5 exd5 10. Bb5 Ncxe5 11. Nxe5 Nxe5 12. O-O c6 13. Be2 Re8 14. c4
Be6 15. cxd5 Qxd5 16. Qc2 Bf5 17. Qc1 Bd3 18. Bxd3 Nxd3 19. Qc3 Nf4 20. Nf3 Ne2+
0-1

[Event "Challenge"]
[Site "http://www.queenalice.com/game.php?id=1275773"]
[Date "2014.4.24"]
[Round "-"]
[White "PRODIGY1971"]
[Black "sockmonster"]
[Result "1-0"]
[WhiteElo "2073"]
[BlackElo "1426"]

1. Nf3 Nf6 2. d4 d5 3. e3 Bg4 4. c4 e6 5. Qb3 Bxf3 6. Qxb7 Bxg2 7. Bxg2 Nbd7 8.
cxd5 exd5 9. Nc3 Nb6 10. Bf1 Bb4 11. Bb5+ Nfd7 12. Bd2 O-O 13. a3 Bxc3 14. Bxc3
a6 15. Be2 1-0

[Event "Challenge"]
[Site "http://www.queenalice.com/game.php?id=1275993"]
[Date "2014.4.25"]
[Round "-"]
[White "PRODIGY1971"]
[Black "bluemoon"]
[Result "1-0"]
[WhiteElo "2073"]
[BlackElo "1499"]

1. d4 d5 2. Nf3 Nf6 3. e3 c5 4. c4 e6 5. cxd5 Nxd5 6. e4 Ne7 7. Be3 Nbc6 8. dxc5
Qxd1+ 9. Kxd1 Bd7 10. Na3 Nc8 11. Kc2 b6 12. Nb5 1-0

[Event "AUTO-MASTER-2092"]
[Site "http://www.queenalice.com/game.php?id=1283736"]
[Date "2014.5.24"]
[Round "1"]
[White "Janivgm"]
[Black "PRODIGY1971"]
[Result "0-1"]
[WhiteElo "2011"]
[BlackElo "2130"]

1. d4 d5 2. c4 e6 3. Nc3 Be7 4. cxd5 exd5 5. Bf4 Nf6 6. g3 c5 7. Bg2 cxd4 8.
Qxd4 Nc6 9. Qa4 Qb6 10. Qb5 d4 11. Qxb6 axb6 12. Ne4 O-O 13. a3 Re8 14. Nxf6+
Bxf6 15. O-O-O Bf5 16. e3 Na5 17. Bd5 Rac8+ 18. Kd2 g5 19. Bd6 Rc2+ 20. Ke1 dxe3
21. f4 e2 22. Rb1 Rxb2 23. Rxb2 Bc3+ 0-1

[Event "AUTO-MASTER-2092"]
[Site "http://www.queenalice.com/game.php?id=1283737"]
[Date "2014.5.24"]
[Round "1"]
[White "PRODIGY1971"]
[Black "Janivgm"]
[Result "1-0"]
[WhiteElo "2182"]
[BlackElo "2023"]

1. e4 e5 2. Nf3 Nf6 3. Nxe5 d6 4. Nf3 Nxe4 5. Qe2 Qe7 6. d3 Nf6 7. Nc3 Nc6 8.
Bg5 Be6 9. d4 Bg4 10. O-O-O Qxe2 11. Bxe2 Be7 12. h3 Bf5 13. Rhe1 O-O 14. g4 Bd7
15. Bb5 Rfe8 16. d5 Nb8 17. Bxf6 gxf6 18. Nd4 a6 19. Bd3 c6 20. Nf5 Bxf5 21.
Bxf5 Kg7 22. Na4 b5 23. Nb6 Ra7 24. h4 cxd5 25. Nxd5 Nc6 26. Rd3 Ne5 27. Rde3
Bd8 28. f4 a5 29. g5 a4 30. gxf6+ Bxf6 31. Rg1+ Kh8 32. Nxf6 Rc8 33. fxe5 dxe5
34. Bxc8 1-0

[Event "AUTO-MASTER-2092"]
[Site "http://www.queenalice.com/game.php?id=1283744"]
[Date "2014.5.24"]
[Round "1"]
[White "PRODIGY1971"]
[Black "bouley"]
[Result "1-0"]
[WhiteElo "2073"]
[BlackElo "2181"]

1. d4 Nf6 2. e3 e6 3. Nf3 b6 4. Bd3 Bb7 5. O-O Be7 6. c4 O-O 7. Nc3 Nc6 8. a3 a5
9. e4 d6 10. Be3 Ng4 11. Bd2 f5 12. exf5 exf5 13. h3 Nh6 14. Re1 Qd7 15. Bxh6
gxh6 16. d5 Na7 17. Nd4 Rae8 18. Bxf5 Rxf5 19. Qg4+ Kf7 20. Nxf5 Bg5 21. Nxh6+
Bxh6 22. Qxd7+ 1-0

[Event "AUTO-MASTER-2092"]
[Site "http://www.queenalice.com/game.php?id=1283745"]
[Date "2014.5.24"]
[Round "1"]
[White "bouley"]
[Black "PRODIGY1971"]
[Result "0-1"]
[WhiteElo "2160"]
[BlackElo "2105"]

1. d4 d5 2. Nf3 Nf6 3. e3 e6 4. Bd3 Be7 5. O-O c5 6. c4 dxc4 7. Bxc4 Nc6 8. Nc3
O-O 9. a3 Qc7 10. Qe2 a6 11. Bd2 b5 12. Ba2 Bb7 13. dxc5 Bxc5 14. Rac1 Ne5 15.
Nxe5 Qxe5 16. f4 Qd6 17. Kh1 Rfd8 18. Rfd1 Qd3 19. Bb1 Qxe2 20. Nxe2 Ng4 21. Kg1
Rxd2 22. Rxd2 Bxe3+ 0-1

[Event "Challenge"]
[Site "http://www.queenalice.com/game.php?id=1286851"]
[Date "2014.6.8"]
[Round "-"]
[White "jpribeiro"]
[Black "PRODIGY1971"]
[Result "0-1"]
[WhiteElo "2016"]
[BlackElo "2145"]

1. e4 e5 2. Nf3 Nc6 3. Bb5 f5 4. Bxc6 dxc6 5. Nxe5 Qd4 6. Qh5+ g6 7. Nxg6 hxg6
8. Qxg6+ Kd8 9. d3 Ne7 10. Qg3 fxe4 11. c3 Qxd3 12. Qxd3+ exd3 13. Bg5 Bf5 14.
O-O Kd7 15. Bf6 Rg8 16. g3 Nd5 17. Bh4 Re8 18. Nd2 Re2 19. Nc4 Re4 0-1